Enfant et les sortileges (L') (Record n. 102763)

Dettagli MARC
000 -LEADER
fixed length control field 00831njm a2200277Ia 4500
001 - CONTROL NUMBER
control field 21069
003 - CONTROL NUMBER IDENTIFIER
control field IT-RoPAU
005 - DATE AND TIME OF LATEST TRANSACTION
control field 20220918181158.0
008 - FIXED-LENGTH DATA ELEMENTS--GENERAL INFORMATION
fixed length control field 131025s9999 xx 000 0 und d
040 ## - CATALOGING SOURCE
Original cataloging agency IT-RoPAU
040 ## - CATALOGING SOURCE
Transcribing agency IT-RoPAU
999 ## - SYSTEM CONTROL NUMBERS (KOHA)
Koha Dewey Subclass [OBSOLETE] n.d.
100 ## - MAIN ENTRY--PERSONAL NAME
Personal name Ravel Maurice
9 (RLIN) 4725
100 ## - MAIN ENTRY--PERSONAL NAME
Relator term Autore musica
9 (RLIN) 4726
100 ## - MAIN ENTRY--PERSONAL NAME
Miscellaneous information Codice autore musica SPICS: 2180
9 (RLIN) 4727
245 ## - TITLE STATEMENT
Title Enfant et les sortileges (L')
250 ## - EDITION STATEMENT
Edition statement 1a ed.
260 ## - PUBLICATION, DISTRIBUTION, ETC. (IMPRINT)
Place of publication, distribution, etc. ROMA
260 ## - PUBLICATION, DISTRIBUTION, ETC. (IMPRINT)
Name of publisher, distributor, etc. SPICS RECORDS
Date of publication, distribution, etc. 1982 [1a Ed.:1982 - Ed. Lingua Orig.: 1925]
300 ## - PHYSICAL DESCRIPTION
Extent MUSICASSETTA
500 ## - GENERAL NOTE
General note Musica lirica. Musica classica
505 ## - FORMATTED CONTENTS NOTE
Formatted contents note Fantasia lirica in due atti di Colette
511 ## - PARTICIPANT OR PERFORMER NOTE
Participant or performer note Orchestra Sinfonica e Coro di Roma della Rai
650 ## - SUBJECT ADDED ENTRY--TOPICAL TERM
Topical term or geographic name as entry element OPERA LIRICA [CASSETTE]
Relator term Codice MATERIA SPICS: 9951
9 (RLIN) 4728
942 ## - ADDED ENTRY ELEMENTS (KOHA)
Koha item type MUSICASSETTE
Source of classification or shelving scheme Dewey Decimal Classification
Dati di copia
Withdrawn status Lost status Damaged status Not for loan Home library Current library Date acquired Total Checkouts Full call number Date last seen Price effective from Koha item type Public note
    Buone Condizioni Not For Loan SPICS-MEDIATECA SPICS-MEDIATECA 25/10/2013   21069 25/10/2013 25/10/2013 MUSICASSETTE Progr. Ins.: 4371 / N.Vol.: 1 / Copie: 1 - Copia rara: n.d. / date import: 01.01.2014 - By Epidotti, Trombetti, Vaglietti
CREDITS: SOCIETA' SAN PAOLO Via A.Severo, 58 - ROMA (RM) & PERIODICI SAN PAOLO SRL Via Giotto, 36 MILANO & CISF Via Giotto, 36 MILANO & EDIZIONI SAN PAOLO SRL,  Piazza Soncino, 5 CINISELLO BALSAMO (MI) -- ITALY